000 00790nam a2200265 a 4500
001 61027
003 BD-RjUL
005 20211209080919.0
008 170114s1985 bg b f001 0 eng
020 _cTk200.00
035 _a(BD-RjUL)61151
040 _aDLC
_cDLC
_dBD-RjUL
_beng
041 0 _aengben
082 0 0 _a491.445
_223
_bMUV 1985
100 1 _aMuhammada, Kājī Dīna.
_9182101
245 1 4 _aThe verbal structure in colloquial Bengali /
_cQazi Din Muhammad.
250 _a1st ed.
260 _aDhaka :
_bBangla Academy,
_c1985.
300 _avi, 341 p. :
_bill. ;
_c25 cm.
504 _aIncludes index and bibliography
650 0 _aBengali language
_xVerb.
_9182102
650 0 _aBengali language
_xSpoken Bengali.
_9182103
942 _2ddc
_cBK
999 _c61027
_d61027